000 01063nam a22002417a 4500
999 _c64562
_d64562
005 20240530110738.0
008 180906s2008 le g 000 0 ara d
020 _a9789953872452
040 _aEG-CaGPL
_cEG-CaGPL
082 0 4 _221
_a213 /
_bرش
100 0 _aرمضان فوزى
245 1 0 _aشيزوفرينيا الدعاه :
_bمظاهر الازدواجية والانفصام لدى الدعاه والعاملين فى مجالات الدعوة الى الله /
_cاعداد رمضان فوزى ؛ اشرف على التحرير وحدة النشر بشبكة اسلام تون لاين نت
250 _aط.1
260 _aبيروت :
_bالدار العربية للعلوم ناشرون،
_c2008.
300 _a270 ص. ؛
_c20 سم.
650 0 7 _2qrmak
_aالدعوة الاسلامية
650 0 7 _2qrmak
_aالدعوة والدعاة
650 0 7 _2qrmak
_aالاخلاق الاسلامية
651 _2qrmak
710 1 _aاسلام تون لاين نت
_eمحرر
942 _2ddc
_cBK